000
00299nam a2200121Ia 4500
008
191201s2019 xx 000 0 und d
100
_a
SALARIA, R.S.
245
0
_a
Computer Oriented Numerical Methods
250
_a
5th
260
_b
Khanna Publisher
_a
NEW DELHI
300
_a
462
942
_2
ddc
_c
BK
_0
9
999
_c
7817
_d
7817